书目信息 |
| 题名: |
音素化汉语速记
|
|
| 作者: | 陈荣滨 编 | |
| 分册: | ||
| 出版信息: | 南昌 江西人民出版社 1982 |
|
| 页数: | 310页 | |
| 开本: | 19cm | |
| 丛书名: | ||
| 单 册: | ||
| 中图分类: | H126.1 | |
| 科图分类: | ||
| 主题词: | 中文-速记 , 速记-中文 | |
| 电子资源: | ||
| ISBN: | ||
| 000 | 00610nam0 2200241 45 | |
| 001 | 0182001942 | |
| 005 | 20060810104945.78 | |
| 010 | @dCNY0.85 | |
| 091 | @aCN@b9110.8 | |
| 100 | @a19950210d1982 em y0chiy0121 ea | |
| 101 | 0 | @achi |
| 102 | @aCN@b360000 | |
| 105 | @ay z 000yy | |
| 200 | 10 | @a音素化汉语速记@Ayin su hua han yu su ji@f陈荣滨编 |
| 210 | @a南昌@c江西人民出版社@d1982 | |
| 215 | @a310页@d19cm | |
| 606 | @a中文-速记 | |
| 606 | @a速记-中文 | |
| 690 | @aH126.1@v3 | |
| 701 | 0 | @a陈荣滨@Achen rong bin@4编 |
| 801 | 2 | @aCN@bNLC@c20060810 |
| 801 | 0 | @aCN@bTSSF |
| 905 | @a10447@dH126.1@e24 | |
| 音素化汉语速记/陈荣滨编.-南昌:江西人民出版社,1982 |
| 310页;19cm |
| ISBN :CNY0.85 |
| ● |
| 相关链接 |
|
|
|
|
正题名:音素化汉语速记
索取号:H126.1/24
 
预约/预借
| 序号 | 登录号 | 条形码 | 馆藏地/架位号 | 状态 | 备注 |
| 1 | 0450868 | 204508684 | 密集书库/ [索取号:H126.1/24] | 在馆 | |
| 2 | 0450869 | 204508693 | 密集书库/ [索取号:H126.1/24] | 在馆 | |
| 3 | 0450870 | 204508700 | 密集书库/ [索取号:H126.1/24] | 在馆 |